Kanun Keseksaan (Akta 574) : (Record no. 4312)

000 -LEADER
fixed length control field nam a22 a 4500
003 - CONTROL NUMBER IDENTIFIER
control field AKMAL
005 - DATE AND TIME OF LATEST TRANSACTION
control field 20170526163409.0
008 - FIXED-LENGTH DATA ELEMENTS--GENERAL INFORMATION
fixed length control field 170526s2003 my l 00 may d
020 ## - INTERNATIONAL STANDARD BOOK NUMBER
International Standard Book Number 9677008781 (kkt.):
Terms of availability RM16.50
082 04 - DEWEY DECIMAL CLASSIFICATION NUMBER
Classification number 345.595077 KAN
Edition number 21
090 00 - LOCALLY ASSIGNED LC-TYPE CALL NUMBER (OCLC); LOCAL CALL NUMBER (RLIN)
Classification number (OCLC) (R) ; Classification number, CALL (RLIN) (NR) 345.595077
Local cutter number (OCLC) ; Book number/undivided call number, CALL (RLIN) KAN
110 1# - MAIN ENTRY--CORPORATE NAME
Corporate name or jurisdiction name as entry element Malaysia
9 (RLIN) 400
245 10 - TITLE STATEMENT
Title Kanun Keseksaan (Akta 574) :
Remainder of title pindaan (hingga Julai 2003) /
Statement of responsibility, etc. disusun oleh Penasihat Undang-undang MDC
260 ## - PUBLICATION, DISTRIBUTION, ETC.
Place of publication, distribution, etc. Kuala Lumpur
Name of publisher, distributor, etc. MDC Publishers Sdn Bhd
Date of publication, distribution, etc. 2003
300 00 - PHYSICAL DESCRIPTION
Extent 227ms. ;
Dimensions 24cm
650 #0 - SUBJECT ADDED ENTRY--TOPICAL TERM
Topical term or geographic name entry element Criminal law
Geographic subdivision Malaysia
9 (RLIN) 3716
650 #0 - SUBJECT ADDED ENTRY--TOPICAL TERM
Topical term or geographic name entry element Punishment
Geographic subdivision Malaysia
9 (RLIN) 8388
710 2# - ADDED ENTRY--CORPORATE NAME
Corporate name or jurisdiction name as entry element Lembaga Penyelidikan Undang-Undang
9 (RLIN) 8399
942 ## - ADDED ENTRY ELEMENTS (KOHA)
Source of classification or shelving scheme
Koha item type Book
Holdings
Withdrawn status Lost status Source of classification or shelving scheme Damaged status Not for loan Collection code Home library Current library Shelving location Date acquired Inventory number Full call number Barcode Date last seen Price effective from Koha item type Public note
          NON-FICTION AKMAL Melaka AKMAL Melaka PINJAMAN 26.05.2017 304107 345.595077 KAN 201706158 26.05.2017 26.05.2017 Book Dilupuskan. No. Fail. ARKIBMLK.600-6/9/1 Jld.7 (54)
          NON-FICTION AKMAL Melaka AKMAL Melaka PINJAMAN 26.05.2017 304109 345.595077 KAN 201706159 26.05.2017 26.05.2017 Book Dilupuskan. No. Fail. ARKIBMLK.600-6/9/1 Jld.7 (54)
          NON-FICTION AKMAL Melaka AKMAL Melaka PINJAMAN 26.05.2017 304105 345.595077 KAN 201706157 26.05.2017 26.05.2017 Book Dilupuskan. No. Fail. ARKIBMLK.600-6/9/1 Jld.7 (54)
          NON-FICTION AKMAL Melaka AKMAL Melaka PINJAMAN 26.05.2017 304108 345.595077 KAN 201706156 26.05.2017 26.05.2017 Book Dilupuskan. No. Fail. ARKIBMLK.600-6/9/1 Jld.7 (54)
          NON-FICTION AKMAL Melaka AKMAL Melaka PINJAMAN 26.05.2017 304106 345.595077 KAN 201706155 26.05.2017 26.05.2017 Book Dilupuskan. No. Fail. ARKIBMLK.600-6/9/1 Jld.7 (54)
Pusat Sumber Maklumat Dato' Haji Sarmin Md Hussin, Akademi Kastam Diraja Malaysia, Melaka
Tel: 06-2331106 | Faks: 06-2313787